Geography Quiz

Random Geography or City Quiz
Score 0/33 Timer 06:00
0 Plays Today
Country City % Correct
ChinaWuhan
94.3%
JapanYokohama
93.8%
ChinaXi'an
92.3%
MyanmarYangon
92.3%
ArmeniaYerevan
90.2%
ChinaZhengzhou
64.9%
ChinaXiamen
57.7%
ChinaWuxi
56.7%
PhilippinesZamboanga
42.3%
IndonesiaYogyakarta
37.1%
JordanZarqa
35.1%
IranZahedan
34%
IranYazd
33.5%
JapanWakayama
30.9%
IndiaWarangal
26.3%
North KoreaWonsan
23.2%
South KoreaWonju
19.6%
Country City % Correct
TurkeyZonguldak
19.6%
JapanYokosuka
19.1%
IranZanjan
16.5%
South KoreaYongin
15.5%
JapanYao
14.9%
South KoreaYeosu
14.9%
JapanYokkaichi
14.4%
IranZabol
9.8%
Saudi ArabiaYanbu' al Bahr
9.8%
TurkeyYalova
9.8%
South KoreaYangju
7.7%
South KoreaYangsan
7.7%
TaiwanYangmei
7.7%
TaiwanYuanlin
7.2%
JordanWadi as-Ser
6.2%
IranYasuj
4.6%
Remove Ads.
Support Sporcle.
Get the best of Sporcle when you Go Orange. This ad-free experience offers more features, more stats, and more fun while also helping to support Sporcle. Thank you for becoming a member.

You're not logged in!

Compare scores with friends on all Sporcle quizzes.
OR
Log In

Show Comments

Extras

Top Quizzes Today


Score Distribution

Your Account Isn't Verified!

In order to create a playlist on Sporcle, you need to verify the email address you used during registration. Go to your Sporcle Settings to finish the process.

Report this User

Report this user for behavior that violates our Community Guidelines.

Details: